NBA Best Champions who never won a Finals MVP award - Statistics

General Stats
  • This quiz has been taken 178 times
  • The average score is 7 of 10
Answer Stats
Finals Appearance Rings Answer % Correct
1957-1966 & 1968-1969 11 Bill Russell
94%
2015-2019 3 Stephen Curry
94%
1991-1993 & 1996-1998 6 Scottie Pippen
93%
1999 & 2003 2 David Robinson
69%
2008 & 2010 1 Kevin Garnett
69%
1981 & 1984-987 3 Kevin McHale
68%
1977,1980 & 1982-1983 1 Julius Erving
63%
2002-2003 & 2011 1 Jason Kidd
61%
1990,1992 & 1995 1 Clyde Drexler
57%
1971 & 1974 1 Oscar Robertson
38%
No matching quizzes found
Score Distribution
Percent of People with Each Score
Percentile by Number Answered
Your Score History
You have not taken this quiz